000 01384nam a2200409 a 4500
005 20160120030056.0
008 140311r2001 ck ||||gr|||| 00| 0 spa d
040 _aCO-BoIAVH
_cCO-BoIAVH
041 _aspa
044 _ack
082 4 _a338.477455
_bP34m
100 1 _aPeña, Celso
_920163
245 1 _aManejo del weguer y otros recursos de uso artesanal en el bajo San Juan
260 _aBogotá
_bArtesanías de Colombia
_bFundación FES
_c2001
300 _a43 paginas.:
_bilustraciones.;
_c21 x 21 cm
650 4 _aArtesanías
_952960
650 4 _aComunidad Wounaan
_99992
650 4 _aCestería
_9599
650 4 _aEspecies promisorias
_94674
650 4 _aPlantas medicinales
_952961
650 4 _aPlantas de fibra
_917859
650 4 _aUso sostenible de la biodiversidad
_92196
662 _aColombia
_cRío San Juan
_bChocó, Valle del Cauca
700 1 _aTovar, Jairo
_920166
700 1 _aUsma Oviedo, Marta
_920167
700 1 _aMálaga, Nolberta
_920168
700 1 _aGiraldo, Luisa Fernanda
_920169
700 1 _aJaramillo, María Fernanda
_920170
700 1 _aDelgadillo, Olga Lucía
_920171
700 1 _aRuán, Sergio
_920172
700 1 _aCampos, Claudia
_920173
700 1 _aCastellanos , Nydia
_920174
700 1 _aGonzález Vizya, Claudia Elena
_920175
700 1 _aHenao, Clara Inés
_91526
942 _cLIBRO
_2ddc
945 _d2003-11-04
999 _c3476
_d3476